| Tag |
First Indicator |
Second Indicator |
Subfields |
| LEADER |
00000pam a2200000 a 4500 |
| 001 |
in00000091838 |
| 005 |
20150923131859.0 |
| 008 |
800825s1981 nyu 00011 engm |
| 010 |
|
|
|a 80021622
|
| 020 |
|
|
|a 031218588X :
|c $10.95
|
| 035 |
|
|
|a (OCoLC)06707754
|
| 035 |
|
|
|9 AAK7174AM
|
| 040 |
|
|
|a DLC
|c DLC
|d m.c.
|d UtOrBLW
|
| 049 |
|
|
|a TXAM
|c [1362544]
|
| 050 |
0 |
0 |
|a PS3515 U3
|b D38
|
| 082 |
0 |
|
|a 813/.54
|2 19
|
| 100 |
1 |
|
|a Hugo, Richard,
|d 1923-1982.
|
| 245 |
1 |
0 |
|a Death and the good life /
|c Richard Hugo.
|
| 264 |
|
1 |
|a New York :
|b St. Martin's Press,
|c [1981]
|
| 264 |
|
4 |
|c ©1981
|
| 300 |
|
|
|a 215 pages ;
|c 22 cm.
|
| 336 |
|
|
|a text
|b txt
|2 rdacontent
|
| 337 |
|
|
|a unmediated
|b n
|2 rdamedia
|
| 338 |
|
|
|a volume
|b nc
|2 rdacarrier
|
| 999 |
|
|
|a MARS
|
| 999 |
f |
f |
|s fe84d54b-7b21-3c03-9aec-970fd8dfb904
|i 3f960fa7-9b15-3610-a215-5ff365a125c5
|t 0
|
| 952 |
f |
f |
|p ric
|a Texas A&M University
|b Rellis Campus
|c Joint Library Facility
|d Remote Storage
|t 0
|e PS3515 U3 D38
|h Library of Congress classification
|i unmediated -- volume
|m A14806004211
|
| 998 |
f |
f |
|a PS3515 U3 D38
|t 0
|l Remote Storage
|